Catholic University of Zimbabwe Library
Online Public Access Catalogue
(OPAC)

Introduction to Contracts, Sales and Product Liability (Record no. 19678)

MARC details
000 -LEADER
fixed length control field 03498nam a2200529 4500
001 - CONTROL NUMBER
control field OTLid0000277
003 - CONTROL NUMBER IDENTIFIER
control field MnU
005 - DATE AND TIME OF LATEST TRANSACTION
control field 20201105133312.0
006 - FIXED-LENGTH DATA ELEMENTS--ADDITIONAL MATERIAL CHARACTERISTICS
fixed length control field m o d s
008 - FIXED-LENGTH DATA ELEMENTS--GENERAL INFORMATION
fixed length control field 180907s2012 mnu o 0 0 eng d
020 ## - INTERNATIONAL STANDARD BOOK NUMBER
International Standard Book Number
040 ## - CATALOGING SOURCE
Original cataloging agency MnU
Language of cataloging eng
Transcribing agency MnU
050 #4 - LIBRARY OF CONGRESS CALL NUMBER
Classification number HF5001
050 #4 - LIBRARY OF CONGRESS CALL NUMBER
Classification number KF385.A4
050 #4 - LIBRARY OF CONGRESS CALL NUMBER
Classification number K3400
050 #4 - LIBRARY OF CONGRESS CALL NUMBER
Classification number K623
050 #4 - LIBRARY OF CONGRESS CALL NUMBER
Classification number K3154
050 #4 - LIBRARY OF CONGRESS CALL NUMBER
Classification number K7265
050 #4 - LIBRARY OF CONGRESS CALL NUMBER
Classification number KB3790
100 1# - MAIN ENTRY--PERSONAL NAME
Personal name Mayer, Don
Relator term author
245 00 - TITLE STATEMENT
Title Introduction to Contracts, Sales and Product Liability
Statement of responsibility, etc. Don Mayer
264 #2 - PRODUCTION, PUBLICATION, DISTRIBUTION, MANUFACTURE, AND COPYRIGHT NOTICE
Name of producer, publisher, distributor, manufacturer Open Textbook Library
264 #1 - PRODUCTION, PUBLICATION, DISTRIBUTION, MANUFACTURE, AND COPYRIGHT NOTICE
Name of producer, publisher, distributor, manufacturer Saylor Foundation
300 ## - PHYSICAL DESCRIPTION
Extent 1 online resource
490 0# - SERIES STATEMENT
Series statement Open textbook library.
505 0# - FORMATTED CONTENTS NOTE
Formatted contents note Chapter 1: Introduction to Law and Legal Systems -- Chapter 2: Corporate Social Responsibility and Business Ethics -- Chapter 3: Courts and the Legal Process -- Chapter 4: Constitutional Law and US Commerce -- Chapter 5: Administrative Law -- Chapter 6: Criminal Law -- Chapter 7: Introduction to Tort Law -- Chapter 8: Introduction to Contract Law -- Chapter 9: The Agreement -- Chapter 10: Real Assent -- Chapter 11: Consideration -- Chapter 12: Legality -- Chapter 13: Form and Meaning -- Chapter 14: Third-Party Rights -- Chapter 15: Discharge of Obligations -- Chapter 16: Remedies -- Chapter 17: Introduction to Sales and Leases -- Chapter 18: Title and Risk of Loss -- Chapter 19: Performance and Remedies -- Chapter 20: Products Liability -- Chapter 21: Bailments and the Storage, Shipment, and Leasing of Goods -- Chapter 22: Secured Transactions and Suretyship
520 0# - SUMMARY, ETC.
Summary, etc. This textbook provides context and essential concepts across the entire range of legal issues with whichmanagers and business executives must grapple. The text provides the vocabulary and legal acumennecessary for businesspeople to talk in an educated way to their customers, employees, suppliers,government officials-and to their own lawyers. Traditional publishers often create confusion among customers in the text selection process by offering ahuge array of publications. Once a text is selected, customers might still have to customize the text to meettheir needs. For example, publishers usually offer books that include either case summaries or excerptedcases, but some instructors prefer to combine case summaries with a few excerpted cases so that studentscan experience reading original material. Likewise, the manner in which most conventional textsincorporate video is cumbersome because the videos are contained in a separate library, which makesaccess more complicating for instructors and students.
542 1# - INFORMATION RELATING TO COPYRIGHT STATUS
Copyright statement Attribution-NonCommercial-ShareAlike
546 ## - LANGUAGE NOTE
Language note In English.
588 0# - SOURCE OF DESCRIPTION NOTE
Source of description note Description based on online resource
650 #0 - SUBJECT ADDED ENTRY--TOPICAL TERM
Topical term or geographic name entry element Business
Form subdivision Textbooks
650 #0 - SUBJECT ADDED ENTRY--TOPICAL TERM
Topical term or geographic name entry element Law
Form subdivision Textbooks
Geographic subdivision United States
650 #0 - SUBJECT ADDED ENTRY--TOPICAL TERM
Topical term or geographic name entry element Administrative Law
Form subdivision Textbooks
650 #0 - SUBJECT ADDED ENTRY--TOPICAL TERM
Topical term or geographic name entry element Civil Law
Form subdivision Textbooks
650 #0 - SUBJECT ADDED ENTRY--TOPICAL TERM
Topical term or geographic name entry element Constitutional Law
Form subdivision Textbooks
650 #0 - SUBJECT ADDED ENTRY--TOPICAL TERM
Topical term or geographic name entry element Contract Law
Form subdivision Textbooks
650 #0 - SUBJECT ADDED ENTRY--TOPICAL TERM
Topical term or geographic name entry element Criminal Law
Form subdivision Textbooks
700 1# - ADDED ENTRY--PERSONAL NAME
Personal name Warner, Daniel
Relator term author
700 1# - ADDED ENTRY--PERSONAL NAME
Personal name Siedel, George J.
Relator term author
700 1# - ADDED ENTRY--PERSONAL NAME
Personal name Lieberman, Jethro K.
Relator term author
710 2# - ADDED ENTRY--CORPORATE NAME
Corporate name or jurisdiction name as entry element Open Textbook Library
Relator term distributor
856 40 - ELECTRONIC LOCATION AND ACCESS
Uniform Resource Identifier <a href="https://open.umn.edu/opentextbooks/textbooks/277">https://open.umn.edu/opentextbooks/textbooks/277</a>
Public note Access online version
Holdings
Withdrawn status Lost status Source of classification or shelving scheme Damaged status Not for loan Home library Shelving location Date acquired Total Checkouts Full call number Date last seen Uniform Resource Identifier Price effective from Koha item type
          Digital Library Online Access 05.11.2020   HF5001 05.11.2020 https://open.umn.edu/opentextbooks/textbooks/277 05.11.2020 eBook

OPENING HOURS

Weekdays: 0815hrs - 1800hrs
Weekends:0900hrs - 1200hrs

Closed for Mass:

Mon, Thur: 1200hrs - 1300hrs
Sunday & Public Holiday’s

CALL SUPPORT

0242-570570, 0242-570169
09200664, +263 8644140602

LOCATION

18443, Cranborne Avenue, Hatfield, Harare

Other Links


©2021 | CUZ Library